| 000 | 00465nam a2200193Ia 4500 | ||
|---|---|---|---|
| 005 | 20251020182538.0 | ||
| 008 | 200515s9999 xx 000 0 und d | ||
| 082 | _a728.004.67/H44 | ||
| 100 | _aHETTLER, Paul | ||
| 245 | 0 | _aReparación y habilitación de viviendas económicas | |
| 260 | _aBarcelona | ||
| 260 | _c1952 | ||
| 300 | _a207 | ||
| 500 | _a1 ejemplar | ||
| 650 | _aLIB | ||
| 650 | _aVIVIENDAS | ||
| 650 | _aVIVIENDAS DE BAJO COSTO | ||
| 942 | _cLIB | ||
| 999 |
_c2312 _d2312 |
||